|
|
|
|
| LEADER |
00000nab a2200000 a 4500 |
| 001 |
vtls000022217 |
| 003 |
SK-MaSNL |
| 005 |
20260303031341.0 |
| 008 |
111103c1979 xo 0 slo |
| 015 |
|
|
|a SNBRB19rr/mm-uuuuu
|
| 035 |
|
|
|a CL0032311
|
| 040 |
|
|
|a SNKBUCL
|b slo
|c SNKBUCL
|e AACR2
|
| 041 |
0 |
|
|a slo
|
| 044 |
|
|
|a xo
|c SK
|
| 080 |
|
|
|a 327.3
|2 1981
|
| 100 |
1 |
|
|a Jašková
|4 aut
|9 958649
|
| 245 |
1 |
0 |
|a Škola revolučnosti
|b Komunistická internacionála v zrkadle dejín
|c Jašková, G. Gajdošová
|
| 650 |
0 |
7 |
|a Komunistická internacionála
|2 snkbucl
|9 418417
|
| 650 |
0 |
7 |
|a komunistické strany
|2 snkbucl
|9 3597
|
| 655 |
|
7 |
|a články z novín a časopisov
|2 snkbucl
|9 267496
|
| 700 |
1 |
|
|a Gajdošová, G.
|4 aut
|9 1010304
|
| 773 |
0 |
|
|t Východoslovenské noviny
|g Roč. 28, č. 55 (6. 3. 1979), s. 4
|
| 850 |
|
|
|a Slovenská národná knižnica v Martine
|a MTA001
|
| 852 |
|
|
|a SNK
|b KIS3GCP
|
| 958 |
|
|
|a RK
|
| 992 |
|
|
|a RBX
|
| 999 |
|
|
|c 1657513
|d 1659443
|